00583pam a2200169 a 4500020002800000040000800028082002600036100002300062245007400085260003700159300002600196650002800222650003100250700001600281856006200297856005400359 a0070410178 (alk. paper) cDLC00a150 MCG 1995 A001 Or.1 aSchneider, Kirk J.14aThe psychology of existence :ban integrative, clinical perspective / aNew York :bMcGraw-Hill,cc1995. axix, 330 p. ;c23 cm. 0aExistential psychology. 0aExistential psychotherapy.1 aMay, Rollo.42uhttp://www.loc.gov/catdir/description/mh022/94019497.html41uhttp://www.loc.gov/catdir/toc/mh022/94019497.html